00433nam a2200181 a 4500001001300000003000900013005001700022008004100039020001000080082001300090100001600103245002800119260003000147300000900177500003500186505001000221650002000231nice12345678IN_TiNIC20260116011624.0050524s1948 teha grp 000 0 per  ac10000a261bELD aElder, John aRah-E-Islahat-E-Ijtemai aTehranbNur-I-Jahanc1948 a121p aincludes index and biblioraphy2 aIndex aTheology-Social